A Text Book of Paractical Chemistry : (Record no. 8755)
[ view plain ]
| 000 -LEADER | |
|---|---|
| fixed length control field | 00565nam a2200205 a 4500 |
| 003 - CONTROL NUMBER IDENTIFIER | |
| JCCL marc code | BD-JhCC |
| 005 - DATE AND TIME OF LATEST TRANSACTION | |
| control field | 20180303185225.0 |
| 008 - FIXED-LENGTH DATA ELEMENTS--GENERAL INFORMATION | |
| fixed length control field | 180303s1965 xxua|||| |||| 000 0 eng d |
| 035 ## - SYSTEM CONTROL NUMBER | |
| system control number | (BD-JhCC) |
| 040 ## - CATALOGING SOURCE | |
| Original cataloging agency | BD-JhCC |
| Modifying agency | BD-JhCC |
| 041 ## - LANGUAGE CODE | |
| Language code of Book | eng |
| 082 ## - DEWEY DECIMAL CLASSIFICATION NUMBER | |
| Classification number | 540.71 |
| Author mark and Year | KAR 1965 |
| 100 ## - MAIN ENTRY--PERSONAL NAME | |
| Personal name | Karim, M. A. |
| 245 ## - TITLE STATEMENT | |
| Title | A Text Book of Paractical Chemistry : |
| Remainder of title | [For I. Sc. Students] / |
| Statement of responsibility, etc | M. A. Karim, M.Sc. |
| 260 ## - PUBLICATION, DISTRIBUTION, ETC. (IMPRINT) | |
| Place of publication, distribution, etc | Dhaka : |
| Name of publisher, distributor, etc | Mullick Brothers, |
| Date of publication, distribution, etc | 1965. |
| 300 ## - PHYSICAL DESCRIPTION | |
| Pagination | viii, 232 p. : |
| Other physical details | illus., |
| Dimensions | 18 cm. |
| 650 ## - SUBJECT ADDED ENTRY--TOPICAL TERM | |
| Topical term or geographic name as entry element | Chemistry |
| 942 ## - ADDED ENTRY ELEMENTS (KOHA) | |
| Source of classification or shelving scheme | Dewey Decimal Classification |
| Koha item type | Books |
| Source of classification or shelving scheme | Damaged status | Not for loan | Home library | Current library | Shelving location | Date of accession | Total Checkouts | Full call number | Barcode | Date last seen | Copy number | Koha item type |
|---|---|---|---|---|---|---|---|---|---|---|---|---|
| Dewey Decimal Classification | JCC Rouf Library | JCC Rouf Library | General Stacks | 03/03/2018 | 540.71 KAR 1965 | 11528 | 03/03/2018 | C-1 | Books |